000 00442nam a2200157Ia 4500
008 240729s9999 xx 000 0 und d
022 _a2097-1400
245 0 _aNational Science Open
260 _aChina
260 _bScience Press
650 _a Engineering (General). Civil engineering (General)
650 _aScience | Technology
856 _uhttps://doaj.org/toc/02e7b45c88c54b249caa3e27b6621533
942 _2ddc
942 _cDOAJEJ
999 _c69533
_d69533
945 _a1
_bMadushi Gamage
_c1
_dMadushi Gamage